• 首页
  • 本馆介绍
  • 公告通知
  • 最新文献
  • 馆藏检索
  • 电子资源
  • 读者导购
  • 参考咨询
  • 我的图书馆
  • 登录
  • 详细信息显示
  • 放入我的书架
  • 预约/预借图书
  • 作者相关作品
  • 分类相关作品
  • 丛书相关作品
  • 出版社相关作品

书目信息

  • 表格格式
  • 工作单格式
  • 卡片格式
题名:
世界军事大事纪要
    
 
作者: ;军事科学院外国军事研究所 编
分册: 1984年  
出版信息: 北京   解放军出版社  1985
页数: 255页
开本: 19cm
丛书名:
单 册:
中图分类: E19 , E1-54
科图分类:
主题词: 军事史--大事记--世界 , 军事--世界
电子资源:
ISBN:
000 00757nam0 2200265 45
001 0185001645
005 20040422082345.8
010    @dCNY1.35
091    @a5185.64
100    @a19900816d1985 em y0chiy0121 ea
101 0  @achi
102    @aCN@b110000
105    @ay z 000yd
106    @ar
200 10 @a世界军事大事纪要@Ashi jie jun shi da shi ji yao@h1984年@f军事科学院外国军事研究所编
210    @a北京@c解放军出版社@d1985
215    @a255页@d19cm
606    @a军事史@x大事记@y世界
606 0  @a军事@x世界
690    @aE19@v3
690    @aE1-54
711 02 @a军事科学院外国军事研究所@Ajun shi ke xue yuan wai guo jun shi yan jiu suo@4编
801  0 @aCN@b深圳图书馆@c20040422
801  2 @aCN@bNLC@c20040422
905    @f1@b168888@dE1-54@e7
    
    世界军事大事纪要.1984年/军事科学院外国军事研究所编.-北京:解放军出版社,1985
    255页;19cm
    
    
    ISBN :CNY1.35
    
●
相关链接 在E读中查询图书 在五车中查询图书 在当当中查询图书 在豆瓣中查询图书


正题名:世界军事大事纪要     索取号:E1-54/7         预约/预借

序号 登录号 条形码 馆藏地/架位号 状态 备注
1 0168888   001260398   第一借阅区/ [索取号:E1-54/7] 在馆    
2 0168889   202392179   第一样本阅览室/ [索取号:E1-54/7] 在馆    
唐山师范学院图书馆 欢迎您!
大连网信软件有限公司© 版权所有